[Event "Olympiad-34"]
[Site "Istanbul"]
[Date "2000.11.06"]
[Round "9.4"]
[White "Apicella, Manuel"]
[Black "Portisch, Lajos"]
[Result "0-1"]
[WhiteElo "2506"]
[BlackElo "2573"]
[Annotator "Ribli,Z"]
[PlyCount "74"]
[EventDate "2000.10.28"]
[EventType "team-swiss"]
[EventRounds "14"]
[EventCountry "TUR"]
[SourceTitle "EXT 2001"]
[Source "ChessBase"]
[SourceDate "2000.11.22"]
[SourceVersion "1"]
[SourceVersionDate "2000.11.22"]
[SourceQuality "1"]
[WhiteTeam "France"]
[BlackTeam "Hungary"]
[WhiteTeamCountry "FRA"]
[BlackTeamCountry "HUN"]

1. e4 c5 2. Nf3 e6 3. d4 cxd4 4. Nxd4 a6 5. Nc3 Qc7 {Ein Großmeister wie
Portisch spielt nie eine extravagante Fortsetzung wie 5...b5.} 6. Be2 Nf6 (6...
b5) 7. O-O Bc5 {Dieser Zug ist eine kleine Überraschung. Es ist interessant,
dass dieser logische Läuferzug nur selten gespielt wird. Normalerweise zieht
Schwarz 7...Nc6, was zu den Hauptvarianten führt.} (7... Bb4) 8. Be3 (8. Nb3
Be7 9. Qd3 b5 10. f4 b4 11. Nd1 Bb7 12. e5 Nd5 13. c4 bxc3 14. bxc3 O-O 15. c4
Nb6 16. Bb2 Na4 17. Bd4 Nc6 18. Be3 a5 19. a3 Ba6 {1/2-1/2 Nijboer,F-Vasiukov,
E/Kusadasi 1990/EXT 2000 (37)}) (8. Kh1) 8... d6 9. Qd2 (9. Na4 $5 Ba7 (9...
Nxe4 10. b4 $1 $13 Bxb4 $140 11. Nf5 $40) 10. c4 $1 Nxe4 (10... O-O 11. Nc3)
11. Nxe6 $1 Bxe6 (11... fxe6 $142 12. Bxa7 Rxa7 13. Qd4 $44) 12. Bxa7 Rxa7 13.
Qd4 $44 {1-0 Perez,R-Garcia,O/Cuba (ch) 1995/Inf 63/[Nogueiras,J] (31)}) (9.
Qd3 O-O 10. Rad1 b5 11. Bg5 Nbd7 12. Qg3 Kh8 13. Qh4 Bb7 14. Bf3 Rac8 15. Nce2
Rfe8 {1/2-1/2 Tringov,G-Ignatiev,F/Odessa 1976/EXT 98 (50)}) 9... O-O (9...
Nbd7 10. Nb3 (10. f4 b5 11. b4 Bb6 12. a4 bxa4 13. Bf3 e5 14. Nf5 O-O 15. Nxa4
Bxe3+ 16. Qxe3 g6 17. Ne7+ Kg7 18. Be2 Bb7 19. Nc3 exf4 20. Qd4 Ne5 21. Ned5
Bxd5 22. exd5 Rfc8 {0-1 Goloshchapov,A-Shalimov,V/Yalta 1996/EXT 98 (62)})
10... Bxe3 11. Qxe3 b5 12. a3 Bb7 13. Rad1 O-O 14. f4 Rad8 15. Kh1 Rfe8 {
1/2-1/2 Rogers,I-Rossiter,P/GBR 1999/EXT 2000 (43)}) 10. Nb3 (10. f4 b5) 10...
Bxe3 11. Qxe3 Nc6 12. Rad1 (12. a4 b6 13. Rad1 Bb7 $11) 12... b5 13. a3 $11 {
In einigen Varianten muss Weiß mit b5-b4 rechnen. Wenn Weiß schon so spielen
muss, signalisisert das für gewöhnlich, dass er keinen Vorteil erreicht hat.}
Rd8 (13... Bb7 $11) 14. f4 Bb7 15. Rd2 Rab8 $5 {Dieser Zug scheint noch
präziser als das schablonenartige 15...Rac8. Schwarz möchte in der Folge -
nach Vorbereitung - a5 und b4 ziehen - und der Turm unterstützt diese Aktion.}
(15... Rac8 $11) 16. Rfd1 Ba8 17. Kh1 (17. Nd4 Nxd4 (17... b4 18. axb4 Rxb4)
18. Qxd4 Rd7 $11) 17... h6 18. Bf3 (18. Nd4 $11) 18... a5 $5 {Das schwarze
Spiel ist zweischneidig - er möchte mit b5-b4 aktiv werden, aber der Textzug
schwächt auch den Pb5.} 19. Qe2 Na7 (19... b4 $2 20. Nb5 $16) 20. Nd4 Qb6 {
Alles ist verteidigt in der schwarzen Stellung. Seine positionelle Drohung ist
immer b5-b4.} (20... b4 $6 21. Ncb5 Nxb5 22. Nxb5 Rxb5 23. Qxb5 Bxe4 $14) 21.
e5 {Weiß wartet nicht - sondern beginnt eine Aktion im Zentrum. Aber dieser
Zug hat auch seine Schattenseite - später kann der Pe5 schwach werden.} (21. b4
axb4 22. axb4 $11) 21... dxe5 (21... Bxf3 22. Nxf3) 22. fxe5 Bxf3 23. Nxf3 Rxd2
24. Rxd2 (24. Qxd2 $6 Ng4 $36 {[%cal Rg4f2,Rf2h1,Rf2d1,Gg4e3,Ge3c4]}) 24... Nh7
$13 {[%cal Gh7f8,Gf8g6] Weiß kontrolliert die d-Linie und hat Raumvorteil,
aber Schwarz hat auch seine Chancen - denn der Pe5 ist eine potentielle
Schwäche. Mit der Partiefortsetzung bereitet Schwarz das Springermanöver f8-g6
vor.} (24... Ng4 $2 25. h3 Ne3 26. Rd6 Qc5 27. Qf2 $18 {[%csl Re3][%cal Rc3e4,
Re4c5]} (27. Ne4 $6 Nf5 $14)) 25. Ne4 Nf8 26. Rd6 (26. Nd6 Nc6 $13 (26... Ng6
$13)) 26... Qc7 27. Qd3 {[%cal Gd1d8] Weiß hat zwar starke Kontrolle über die
d-Linie, aber es gibt dort keine Eindringungsmöglichkeiten.} (27. c3) 27... Nc6
{[%cal Gc6e7,Ge7f5,Ge7d5]} 28. h3 $6 {Dieser Zug schwächt die weiße
Königsstellung.} (28. Nc3 $5 b4 29. Nb5 Qb7 30. a4 $13) 28... Ne7 {[%cal Ge7f5]
} 29. c3 Nf5 $15 {[%csl Gf5]} 30. Ra6 Ng6 (30... Qc4 31. Qxc4 bxc4 32. Nfd2 Ne3
$13 (32... Rxb2 33. Nxc4 Re2 34. Ncd2 $14)) 31. Nd6 Nf4 $36 {[%csl Gf4,Gf5]
[%mdl 2048]} 32. Qd1 (32. Qb1 Ne3 $36) 32... Rd8 {[%cal Gd8d1]} 33. Kh2 $2 {
[%mdl 8192] Weiß möchte das Motiv Ng3+ vermeiden und übersieht die folgende
kleine Kombination.} (33. Qb3 Qc5 $36 (33... Nxd6 34. exd6 Rxd6 35. Rxd6 Qxd6
36. Qxb5 $13)) {[#]} 33... Nxg2 $1 $17 34. Qe2 (34. Kxg2 Ne3+ $19) 34... Nge3 {
[%csl Ge3,Gf5]} (34... Nf4 $1 35. Qe4 Qc5 $1 36. Qxf4 Qf2+ 37. Kh1 Ng3+ $19)
35. Qxb5 $6 (35. Nxb5 Qb7 36. Nd6 Nxd6 37. Rxd6 Rxd6 38. exd6 Nf5 $17) 35...
Nxd6 36. exd6 Rxd6 37. Qe5 (37. Rxd6 Qxd6+ 38. Qe5 Qd3 $19 {[%csl Gd3,Ge3,Rh2]}
) 37... Qb7 $1 (37... Qb7 $1 38. Qxd6 (38. Rxd6 Qxf3 39. Rd2 Nf1+ $19 {[%cal
Rf1h2,Rf1d2]}) 38... Qxf3 39. Qc6 Qf2+ 40. Kh1 Qe1+ (40... Nf1 $2 41. Qg2 Ng3+
42. Kh2 Nf1+ $11) 41. Kh2 Nf1+ 42. Kg2 (42. Kg1 Nd2+ 43. Kg2 Qe2+ 44. Kg3 Nf1+
$19) 42... Qe2+ 43. Kg1 Nd2 $19) 0-1

[Event "Capablanca Memorial Elite 35th"]
[Site "Varadero"]
[Date "2000.05.22"]
[Round "13"]
[White "Acs, Peter"]
[Black "Oral, Tomas"]
[Result "0-1"]
[WhiteElo "2542"]
[BlackElo "2540"]
[Annotator "Ribli,Z"]
[PlyCount "78"]
[EventDate "2000.05.07"]
[EventType "tourn"]
[EventRounds "13"]
[EventCountry "CUB"]
[EventCategory "13"]
[SourceTitle "CBM 077"]
[Source "ChessBase"]
[SourceDate "2000.07.27"]
[SourceVersion "1"]
[SourceVersionDate "2000.07.27"]
[SourceQuality "1"]

1. e4 c5 2. Nf3 e6 3. d4 cxd4 4. Nxd4 a6 5. Bd3 Bc5 6. Nb3 Ba7 7. Nc3 (7. Qe2
d6 8. Be3 Nc6 9. Nc3 b5 10. O-O Nge7 11. a3 O-O 12. f4 Ng6 13. Kh1 Bxe3 14.
Qxe3 Bb7 15. Rad1 Na5 16. Nxa5 Qxa5 17. f5 Ne5 18. Ne2 Qd8 {0-1 Jepson,
C-Bellon Lopez,J/Stockholm 1993/EXT 2000 (46)}) (7. c4) 7... Nc6 8. Qe2 {
Mit diesem Zug bereitet Weiß den Läufertausch - mit Be3 - vor, zudem kann er
später eventuell 0-0-0 spielen.} Nge7 {Das ist der richtige Platz für den
Springer. 8...d6 nebst 9...Nf6 wäre auch spielbar, aber der Textzug ist mir
sympathischer.} (8... d6 9. Be3 b5 10. O-O-O Nge7 $5 11. f4 $5 (11. Bxa7 $6
Rxa7 12. f4 O-O 13. e5 $6 Rd7 $1 14. Qe4 g6 15. exd6 Rxd6 16. Qe3 Qc7 17. Ne4
Nd5 $1 18. Qg3 (18. Qf2 $5 Rdd8 19. Rhf1 Ncb4 20. Kb1 $13) 18... Rdd8 19. Rhf1
Nce7 $1 20. Qf2 $13 Nf5 21. Rde1 Nb4 22. Kb1 Rxd3 $1 23. cxd3 Nxd3 {0-1 Almasi,
Z-Stangl,M/Altensteig 1994/CBM 43/[Ribli] (37)}) 11... b4 12. Nb1 (12. Na4 Qc7
13. Rhf1 Bd7 14. e5 dxe5 15. Bxa7 Rxa7 16. Nac5 Bc8 17. Qh5 $13 {1-0 Lutz,
C-Stangl,M/Garmisch 1994/CBM 43 ext (38)}) 12... a5 $13 {Ernst,Th-Sunye Neto,J/
Manila ol/1992/INF55,(207)/}) 9. f4 (9. Be3 d6 10. O-O-O (10. Bxa7 Rxa7 11. f4
b5 12. a4 b4 13. Nd1 Na5 14. Nd2 Qb6 15. Ne3 O-O 16. O-O d5 17. Qf2 dxe4 18.
Nxe4 Rc7 {0-1 Sokolov,A-Bologan,V/Linares 1999/CBM 68 ext (41)}) 10... b5 11.
f4 b4 12. Na4 Bd7 13. Bxa7 Nxa7 14. e5 Bxa4 15. f5 Nxf5 16. exd6 O-O 17. Bxf5
Qg5+ 18. Kb1 Qxf5 19. Rhf1 Bb5 {0-1 Adams,M-Hjartarson,J/Paris 1994/CBM 43 ext
(19)}) 9... d6 10. Be3 b5 (10... O-O 11. O-O-O b5 12. Bxa7 Rxa7 13. Qe3 Qc7 14.
Rhf1 b4 15. Na4 a5 16. Kb1 Bd7 17. Nc1 Rb7 18. e5 Nd5 $15 {1-0 Rivera,D-Perez
Fungueiro,M/Pontevedra 1992/EXT 98 (58)}) 11. O-O {Der ungarische Großmeister
wählt die sichere Variante - nach 11.0-0-0 bekommt Schwarz gute
Angriffschancen am Damenflügel.} Ng6 {Das ist die für diese Variante typische
Plazierung des Springers. Schwarz provoziert Weiß zu f4-f5, wonach er mit Ne5
ein wichtiges Feld besetzen kann.} 12. Bxa7 Rxa7 {[%cal Ga7e7] Nach dem
Läufertausch kann sich der schwarze Turm auf der siebten Reihe bewegen.} 13.
Qe3 O-O 14. Rad1 Rd7 $5 {Ein für die Sizilianische Verteidigung typisches Bild:
Weiß hat Raumvorteil und eine potentielle Angriffsstellung, aber Schwarz steht
bereit, um sofort sein Gegenspiel aufzuziehen. Der Turmzug erscheint mir viel
logischer, als die Alternative.} (14... Qe7 15. Rd2 Ra8 16. Be2 Rb8 17. g3 Rd8
18. Rfd1 Qc7 $14 {1/2-1/2 Kholmov,R-Forintos,G/Sochi 1964/MCD (35)}) 15. Qg3 {
[%cal Gg3g8]} {Weiß hat noch keine konkrete Drohung, denn auf 16.f5 kann
Schwarz mit 16...Nge5 antworten und nach 17.f6 Ng6 ziehen.} e5 $5 {Schwarz
nutzt den Umstand aus, dass Weiß in der Folge den Nf4 nicht mit g2-g3
vertreiben kann.} (15... b4 16. Ne2) (15... Qh4 $6 16. Qe3 $14) 16. f5 (16.
fxe5 $5 dxe5 (16... Ngxe5 17. Nd5 $14) (16... Ncxe5 17. Nd5 $14) 17. Nd5 Rd6
18. c4 $13) 16... Nf4 17. Nd5 Nh5 (17... Nxd5 $6 18. exd5 Nb4 19. Be4 $16) 18.
Qe3 (18. Qf3 $5 $14) 18... Ne7 $11 {Es ist logisch, dass Schwarz den starken
weißen Nd5 abtauschen möchte.} (18... Nf6 19. c3 $14) 19. c4 {Auf den ersten
Blick scheint es, als habe Weiß aufgrund seines Raumvorteils eine überlegene
Stellung, in Wirklichkeit aber steht Schwarz solide.} bxc4 (19... Nxd5 20. cxd5
$14 (20. exd5 bxc4 21. Bxc4 Rc7 $15)) 20. Bxc4 Nxd5 21. Bxd5 {Weiß übt starke
Kontrolle über das Feld d5 aus, aber ein Läufer stellt dort eine kleinere
Gefahr dar als ein Springer. In unserer Stellung steht der weiße Nb3
"mathematisch" gesehen weit entfernt (4 Züge) vom Feld d5.} Nf6 {[%csl Gf6]}
22. Rd2 $6 {Dieser mechanische Zug gefällt mir nicht - Weiß möchte mit der
Turmverdopplung auf der d-Linie eine einfache Strategie verfolgen.} (22. Kh1 $5
Rc7 $11) 22... Ng4 $132 23. Qc3 $6 (23. Qg3 Qb6+ 24. Kh1 Nf6 $11 (24... Ne3 25.
f6 $40)) 23... Qb6+ 24. Kh1 Bb7 {Endlich - im 24. Zug - entwickelt Schwarz den
Bc8.} 25. Bxb7 Qxb7 26. Qf3 Nf6 {[%csl Rb3]} 27. Re1 Rc8 {Schwarz hat aktives
Gegenspiel am Damenflügel - er kontrolliert die offene c-Linie und kann früher
oder später d6-d5 ziehen.} 28. g4 $2 {[%mdl 16384] Weiß hat keine
realistischen Angriffschancen am Königsflügel - mit diesem Zug schwecht er nur
seinen Königsflügel.} (28. h3 $11) 28... h6 29. h4 $6 {Konsequent aber
schlecht. Dieser Zug ist eine weitere Schwächung des Königsflügels.} (29. h3)
29... d5 $1 $15 {[%csl Rh1][%cal Gb7h1]} 30. exd5 {Dieser Gegenstoß ist
typisch für solche Stellungen, aber in dieser konkreten Stellung ist er wegen
der geschwächten weißen Königsstellung noch stärker als gewöhnlich.} Qb4 {
[%cal Gb4h4]} (30... e4 31. Qg2 $13) 31. Rxe5 Rc4 $1 {[%mdl 128] Schwarz hat
zwar zwei Bauern weniger, aber Weiß kann seine Bauern am Königsflügel nicht
verteidigen.} 32. Rg2 (32. a3 Qd6 $15) 32... Rf4 $1 33. Qe2 Nxg4 $17 {[%csl
Rh1] Jetzt hat Weiß noch einen Bauern mehr, aber seine offene Stellung ist
voller Schwächen.} 34. Re8+ Kh7 35. Nc5 (35. Qxa6 Rxd5 (35... Ne3 $4 36. Qg6+
$18) 36. Qe2 Rdxf5 $19) 35... Qxc5 36. Rxg4 Qxd5+ 37. Kh2 Qxf5 $19 {Schwarz
hat bereits Materialvorteil und dazu eine starke Angriffsstellung.} 38. Rxf4
Qxf4+ 39. Kh3 Rd2 (39... Rd2 40. Qe4+ Qxe4 41. Rxe4 Rxb2 $19) 0-1

[Event "Capablanca Memorial Elite 33rd"]
[Site "Havana"]
[Date "1998.05.07"]
[Round "1"]
[White "Becerra Rivero, Julio"]
[Black "Bischoff, Klaus"]
[Result "1-0"]
[WhiteElo "2465"]
[BlackElo "2545"]
[Annotator "Ribli,Z"]
[PlyCount "59"]
[EventDate "1998.05.07"]
[EventType "tourn"]
[EventRounds "11"]
[EventCountry "CUB"]
[EventCategory "12"]
[SourceTitle "CBM 065"]
[Source "ChessBase"]
[SourceDate "1998.08.06"]
[SourceVersion "1"]
[SourceVersionDate "1998.08.06"]
[SourceQuality "1"]

1. e4 {Petursson} c5 2. Nf3 e6 3. d4 cxd4 4. Nxd4 a6 5. Bd3 Qb6 {Das ist eine
relativ neue Fortsetzung. Schwarz spielt ähnlich wie in den Varianten 1.e4 c5
2.Nf3 Nc6 3.d4 cxd4 4.Nxd4 Qb6 oder 1.e4 c5 2.Nf3 e6.3.d4 cxd4 4.Nxd4 Qb6. Es
scheint, daß Schwarz mit 5...Qb6 und 6...Qc7 ein Tempo verliert, aber der
weiße Springer steht auf b3 schlechter als auf d4. Ribli.} 6. Nb3 (6. Nf3 Nc6
7. O-O d6 8. c4 Nf6 9. Nc3 Be7 10. b3 O-O 11. Bb2 Bd7 12. Rc1 Rfd8 13. Bb1 Ne5
14. c5 Qc7 15. cxd6 Qxd6 16. Qe2 Nxf3+ 17. Qxf3 Bc6 18. Qh3 Qf4 {Borocz,
I-Fogarasi,T/FSGM Feb, Budapest HUN 1998/0-1 (75)}) 6... Qc7 7. O-O (7. c4 Nf6
8. Be3 d6 9. N1d2 Be7 10. f4 Nc6 11. Rc1 b6 12. Qe2 Nd7 13. O-O O-O 14. Rf3 g6
15. Rh3 Re8 16. Nf3 Nc5 17. Bb1 f5 18. exf5 exf5 19. Bxc5 dxc5 20. Ng5 Qxf4 21.
Ne6 Qd6 22. Bxf5 Bf6 23. Bxg6 hxg6 24. Qe4 Bd4+ {0-1 Margoline,B-Bischoff,K/
Neckar Open, Deizisau GER 1998}) (7. Qe2 Nf6 8. Nc3 d6 9. f4 Be7 10. e5 dxe5
11. fxe5 Nfd7 12. Bf4 Nc6 13. O-O Ndxe5 14. Rae1 $44 {1-0 Shirov,A-Topalov,V/
Linares 1998 (33)}) (7. Nc3 d6 8. O-O Nf6 9. f4 Nbd7 10. Qe2 b5 11. Bd2 Bb7 12.
a3 Be7 13. Rae1 e5 14. Nd1 O-O 15. Na5 Rfe8 16. Nxb7 Qxb7 17. Qf3 Bf8 18. Ne3
exf4 19. Ng4 Nxg4 {1/2-1/2 Gallagher,J-Emms,J/Wichern-op 1995}) 7... Nf6 8. f4
d6 9. Qe2 {Weiß ist besser entwickelt und plant e4-e5 mit Angriffschancen.} Nc6
(9... Nbd7 $5) 10. N1d2 (10. a4 b6 11. Nc3 Be7 12. Bd2 O-O 13. Rae1 Nb4 14. e5
dxe5 15. fxe5 Nd7 16. Rf3 Nxd3 17. cxd3 Nc5 {1/2-1/2 Friedman,A-Martinovic,S/
Groningen op 1995 (27)}) 10... Be7 11. Nf3 Nd7 (11... e5 $5 {[%csl Rb3] Auf
diese Weise verhindert Schwarz den Vorstoß 12.e4-e5 und die weißen Springer
stehen schlecht auf f3 und b3. Die Schwäche des Feldes d5 ist nicht von großer
Bedeutung, denn dem Weißen fehlt ein Springer auf c3.}) 12. c3 b6 (12... b5 13.
a4 b4 $13 (13... bxa4 14. Rxa4 $14 {[%csl Ga4,Ra6]})) 13. Nbd4 Bb7 $11 {
Schwarz hat eine feste Igelstellung. Er kontrolliert weniger Raum, besitzt
aber keine Schwächen.} (13... Nxd4 $2 14. cxd4 $16 {[%csl Gd4,Ge4,Gf4] Die
weiße Zentrumsstellung ist sehr massiv.}) 14. Bd2 {Dieser Zug ist viel besser
als das schablonenhafte 14.Be3. Jetzt besteht der Plan in Rae1 mit der Drohung
e4-e5.} O-O 15. Rae1 b5 {Schwarz gewinnt Raum am Damenflügel und ohne weißen
Turm auf a1 ist der Zug 16.a4 weniger gefährlich.} (15... Rfe8) 16. Bb1 Rfd8 $6
(16... Rfe8 {[%cal Ge8e1] Meines Erachtens steht der Turm natürlicher auf e8,
denn er hilft besser in der Verteidigung.}) 17. Nxc6 (17. e5 Nf8 $11 (17...
dxe5 $6 18. fxe5 {[%cal Gf1f7]})) 17... Bxc6 18. Nd4 Bb7 19. Qg4 $36 {[%csl
Gb1,Ge1,Gf1,Gg4,Rg8]} Re8 (19... Nf6 20. Qh3 $40 {[%csl Gb1,Ge1,Gf1,Rg8,Gh3]
[%cal Gb1h7,Gh3h7] Schwarz muß mit der Möglichkeit 21.e4-e5 rechnen. Der
Springer steht unglücklich auf f6.}) (19... Qb6 20. Be3 {[%csl Rb6][%cal Ge3b6]
}) (19... Bf6 $2 20. e5 dxe5 21. fxe5 Nxe5 (21... Bxe5 22. Bxh7+ Kxh7 23. Qh5+
Kg8 24. Qxf7+ Kh7 25. Re3 {[%csl Rh7][%cal Re3h3]} Bxh2+ 26. Kh1 Bg3 27. Nxe6
$18 {[%csl Rc7,Ge6,Gf7,Rg7,Rh7]}) 22. Qg3 {[%csl Gg3,Rg8][%cal Rf1f6]} Kh8 23.
Bf4 {[%csl Re5][%cal Rg3c7]} Rd5 24. Be4 Rc5 25. Bxb7 Qxb7 26. Bxe5 $18) 20. e5
$13 Nf8 (20... dxe5 $5 21. fxe5 Nxe5 {Die Annahme des Bauernopfers scheint
gefährlich, aber ich glaube, daß Weiß nichts überzeugendes hat.} 22. Bxh7+ (22.
Qh5 Ng6 23. Rxf7 Kxf7 24. Qxh7 Nf8 25. Rf1+ Bf6 $19) (22. Qg3 Bd6 (22... Bf6 $2
23. Rxf6 $18 {[%csl Gg3,Rg8]})) 22... Kxh7 23. Qh5+ Kg8 24. Qxe5 Qxe5 25. Rxe5
$15 {und Weiß hat keinen Angriff gegen das schwarze Läuferpaar.}) 21. f5 dxe5
22. Bh6 Bf6 (22... g6 23. fxe6 {[%cal Re6f7,Rf7e8,Rf7g8]} f6 $13 (23... Nxe6
24. Nxe6 Qb6+ {[%cal Rb6g1,Rb6e6]} (24... fxe6 25. Bxg6 $16 {[%csl Gg4,Gg6,Rg8,
Gh6]}) (24... Qc8 $2 25. Bf5 $18 {[%csl Rc8,Ge6,Gf5,Gg4,Rg8,Gh6]}) 25. Rf2 Qxe6
26. Qxe6 fxe6 27. Rxe5 $14 {[%csl Re6]})) 23. fxe6 Ng6 $2 (23... exd4 24. Rxf6
(24. Bxg7 {Petursson} h5 25. Qxh5 Kxg7 26. Qg4+ Ng6 27. Rxf6 Kxf6 28. Rf1+ Kg7
29. exf7 $40) 24... Nxe6 25. cxd4 $13 (25. Qh4 gxf6 $5 (25... gxh6 26. Bxh7+
Kf8 (26... Kh8 27. Qxh6 $18 {[%csl Gf6,Gh6,Gh7,Rh8] Schwarz kann sich der
vielfältigen Drohungen nicht erwehren.}) (26... Kxh7 27. Rxh6+ Kg7 (27... Kg8
28. Rh8+ Kg7 29. Qh6#) 28. Qf6+ Kg8 29. Rh8#) 27. Qxh6+ Ng7 (27... Ke7 28.
Rfxe6+ $1 Kd7 (28... fxe6 29. Qxe6+ Kf8 (29... Kd8 30. Qxe8#) 30. Qg8#) 29.
Rxe8 Rxe8 30. Bf5+ $18) 28. Ref1 $13 {[%csl Gf1,Gf6,Rf8,Gh6,Gh7]}) 26. Bxh7+
Kh8 $5 (26... Kxh7 27. Bf4+ Kg8 28. Qg3+ Kh7 (28... Kf8 $2 29. Bh6+ Ke7 (29...
Ng7 30. Qxg7#) 30. Qxc7# $18 {[%csl Ge1,Re7]}) 29. Qh4+ $11))) {[#]} 24. Bxg7
$1 $16 {Ein überraschendes Opfer in beiderseitiger Zeitnot!} (24. exf7+ {
Petursson} Kxf7 25. Bxg7 Kxg7 26. Ne6+ Rxe6 27. Qxe6 Rf8) 24... Kxg7 (24...
Bxg7 25. exf7+ $18 {[%cal Rf7g8,Rf7e8]}) 25. Rxf6 $1 Kxf6 (25... exd4 26. Qxd4
{[%csl Gd4,Ge6,Gf6,Rg7]} Kh6 (26... Kf8 27. Bxg6 $18 (27. Bxg6 {Petursson} hxg6
28. Rxf7+ Qxf7 29. Qh8+ Ke7 30. exf7+ $18)) 27. Re3 $18 {[%csl Rh6][%cal Re3h3]
}) 26. Rf1+ {[%csl Rf6]} Kg7 (26... Ke7 27. Rxf7+ $18) 27. Rxf7+ {[%cal Rf7g7,
Rf7c7]} Qxf7 28. exf7 Kxf7 29. Qh5 $1 $18 {[%csl Gb1,Rf7,Rg6,Gh5][%cal Rh5h7]
Dieser Damenzug entscheidet den Kampf.} Rh8 (29... Kg7 30. Nf5+ Kf6 31. Nd6 {
[%csl Rf6][%cal Rd6e8,Rd6b7]} Re7 32. Nxb7 Rxb7 33. Qf3+ $18 {[%cal Rf3f6,
Rf3b7]}) (29... exd4 30. Qxh7+ Ke6 31. Qxg6+ $18) 30. Qf5+ {und Schwarz gab
auf. Seinem König wird das Mattnetz gestrickt.} (30. Qf5+ Ke7 (30... Kg7 31.
Ne6+ Kg8 32. Qf6 $18 {[%csl Ge6,Gf6,Rg8][%cal Rf6g7]}) 31. Qe6+ Kd8 32. Qb6+
Kc8 33. Bf5+ $18) 1-0